| 000 | 00750cam9a220020500 4500 | ||
|---|---|---|---|
| 001 | tmp15962866 | ||
| 003 | UPRA | ||
| 005 | 20190830111036.0 | ||
| 008 | 951116s1932 za bem u | ||
| 035 | _a(Sirsi) r27223 | ||
| 035 | _a(UPRA)tmp15962866 | ||
| 040 | _cUPRA | ||
| 130 | 0 |
_aBible. N.T. John. Bemba. _pBible. N.T. John. Bemba. _pBible. N.T. John. Bemba. _lBible. N.T. John. Bemba. |
|
| 245 | 1 | 0 | _aEvangelio ifyo alembelwe kuli Yoani Mutakatifu. |
| 260 |
_aBangweolo : _bWhite Fathers : Vicariate Apostolic of Bangweolo, _bWhite Fathers : Vicariate Apostolic of Bangweolo, _c1932. |
||
| 500 | _a"Gospel according to St. John." | ||
| 710 | 2 |
_aWhite Fathers. _6A51103.1 |
|
| 949 |
_aBS325 _wlcc _i-28444 _mMAIN _tBOOK _lON-SHELF |
||
| 004 | 27223 | ||
| 999 |
_c188887 _d188887 |
||